[Event "Challenge"]
[Site "http://www.queenalice.com/game.php?id=835387"]
[Date "2010.9.20"]
[Round "-"]
[White "Erostrate"]
[Black "jdcsf"]
[Result "1-0"]
[WhiteElo "1500"]
[BlackElo "1521"]

1. e4 d5 2. exd5 Qxd5 3. Nc3 Qd8 4. d4 Bf5 5. Bd3 Bxd3 6. Qxd3 e6 7. Nf3 Bd6 8.
O-O h6 9. d5 exd5 10. Qxd5 Nc6 11. Qb5 Rb8 12. Rd1 a6 13. Qa4 Ne7 14. Bf4 O-O
15. Ne4 Nf5 16. Nxd6 cxd6 17. g4 Nh4 18. Nxh4 Qxh4 19. Bxd6 Rfd8 20. Bxb8 Rxb8
21. Qf4 Re8 22. Re1 Rd8 23. Rad1 Rf8 24. Rd7 Na5 25. Re8 f6 26. Rxf8+ Kxf8 27.
Qb8# 1-0

[Event "Challenge"]
[Site "http://www.queenalice.com/game.php?id=835388"]
[Date "2010.9.20"]
[Round "-"]
[White "jdcsf"]
[Black "Erostrate"]
[Result "0-1"]
[WhiteElo "1451"]
[BlackElo "1711"]

1. d4 Nf6 2. Nc3 g6 3. e4 d6 4. Bg5 Bg7 5. h3 O-O 6. Nf3 c5 7. Be2 Nbd7 8. O-O
cxd4 9. Nxd4 Nc5 10. Bf3 Nfd7 11. Qd2 Nb6 12. Rad1 Bxd4 13. Qxd4 Ne6 14. Qe3 Nc4
15. Qc1 Nxg5 16. Qxg5 Nxb2 17. Rd4 Qb6 18. Rd5 Qc6 19. Nb5 a6 20. Nd4 Qc7 21. e5
e6 22. exd6 Qb6 23. Nxe6 Bxe6 24. Rd2 Nc4 25. Rdd1 Nxd6 26. Qe7 Rad8 27. Rb1 Qa5
28. Bxb7 Rd7 0-1

[Event "bubu"]
[Site "http://www.queenalice.com/game.php?id=868146"]
[Date "2010.12.5"]
[Round "-"]
[White "Erostrate"]
[Black "bubu52"]
[Result "1-0"]
[WhiteElo "1937"]
[BlackElo "1801"]

1. e4 e5 2. Nf3 f5 3. Nxe5 Nc6 4. Nxc6 dxc6 5. d4 fxe4 6. Qh5+ g6 7. Qe5+ Qe7 8.
Qxh8 Bg4 9. Bc4 Qb4+ 10. Nd2 O-O-O 11. Qxg8 Bh6 12. c3 Qd6 13. Qxh7 Bg5 14. O-O
Bf6 15. Nxe4 Qf8 16. Nxf6 Qxf6 17. Qf7 Qh4 18. Be6+ Bxe6 19. Qxe6+ Kb8 20. Qxg6
Rh8 21. Qg3 Qh7 22. Bf4 b6 23. Rfe1 Kb7 24. Re6 1-0

[Event "Challenge"]
[Site "http://www.queenalice.com/game.php?id=869791"]
[Date "2010.12.9"]
[Round "-"]
[White "Erostrate"]
[Black "Vladimir"]
[Result "1-0"]
[WhiteElo "1757"]
[BlackElo "1814"]

1. e4 e5 2. Nf3 Nc6 3. Bb5 d6 4. d4 exd4 5. Nxd4 Bd7 6. O-O Nf6 7. Nc3 a6 8.
Nxc6 bxc6 9. Bc4 g6 10. Re1 Bg7 11. e5 Ng4 12. e6 Qh4 13. exd7+ Kxd7 14. h3
Qxf2+ 15. Kh1 Qh4 16. Qxg4+ Qxg4 17. hxg4 d5 18. Bd3 h5 19. g5 h4 20. Na4 Bd4
21. Be3 Be5 22. c3 Bg3 23. Nc5+ Kd6 24. Re2 Rhe8 25. Rf1 Re7 26. Rf6+ Re6 27.
Rxf7 Rh8 28. Nb7+ 1-0

[Event "Greetings from Puerto Rico"]
[Site "http://www.queenalice.com/game.php?id=870912"]
[Date "2010.12.12"]
[Round "-"]
[White "Erostrate"]
[Black "MariusLola"]
[Result "1-0"]
[WhiteElo "1872"]
[BlackElo "1800"]

1. e4 e5 2. Nf3 Nc6 3. Bb5 Nf6 4. d3 d5 5. Nxe5 Qd6 6. f4 a6 7. exd5 Qxd5 8.
Bxc6+ bxc6 9. O-O Bd6 10. Nc3 Qd4+ 11. Kh1 Bxe5 12. fxe5 Ng4 13. Qe1 Be6 14. Bf4
O-O 15. h3 Nh6 16. Bxh6 gxh6 17. Rf6 Rfe8 18. Rxh6 Qf4 19. Rf6 Qb4 20. Ne4 Qxb2
21. Rf1 Red8 22. Qh4 Qxe5 23. Nf6+ Kf8 24. Rae1 Qd6 25. Nxh7+ Ke8 26. Rxf7 Kxf7
27. Ng5+ Ke7 28. Qh7+ Kf6 29. Ne4+ 1-0

[Event "Challenge"]
[Site "http://www.queenalice.com/game.php?id=875843"]
[Date "2010.12.23"]
[Round "-"]
[White "Vladimir"]
[Black "Erostrate"]
[Result "0-1"]
[WhiteElo "1831"]
[BlackElo "1981"]

1. d4 Nf6 2. c4 g6 3. Nf3 Bg7 4. Nc3 O-O 5. e4 d6 6. h3 c6 7. Bg5 h6 8. Bxf6
Bxf6 9. e5 Bg7 10. Be2 dxe5 11. d5 e6 12. dxc6 Nxc6 13. O-O f5 14. a3 Qb6 15. b4
e4 16. c5 Qd8 17. Qxd8 Rxd8 18. Nh4 Bxc3 19. Rad1 Rxd1 20. Rxd1 Kg7 21. g3 Nd4
22. Bc4 Kf6 23. Kg2 g5 24. f3 e3 25. Kf1 gxh4 26. Rd3 e2+ 0-1

[Event "Challenge"]
[Site "http://www.queenalice.com/game.php?id=887424"]
[Date "2011.1.17"]
[Round "-"]
[White "Pinehill"]
[Black "Erostrate"]
[Result "0-1"]
[WhiteElo "1959"]
[BlackElo "2017"]

1. e4 c5 2. c3 Nf6 3. e5 Nd5 4. d4 cxd4 5. cxd4 d6 6. Nf3 Nc6 7. Bc4 Nb6 8. Bb5
Bd7 9. exd6 e6 10. Bf4 Nd5 11. Bg3 Qa5+ 0-1

[Event "Challenge"]
[Site "http://www.queenalice.com/game.php?id=889844"]
[Date "2011.1.22"]
[Round "-"]
[White "JCOELHO"]
[Black "Erostrate"]
[Result "0-1"]
[WhiteElo "2064"]
[BlackElo "2128"]

1. e4 c5 2. d4 cxd4 3. Qxd4 Nc6 4. Qa4 Nf6 5. Nf3 d5 6. e5 Ne4 7. Bb5 Bd7 8. O-O
e6 9. Nd4 Nc5 10. Qa3 Nxd4 11. Bxd7+ Nxd7 12. Qd3 Bc5 13. Be3 Nxe5 14. Bxd4 Nxd3
15. Bxg7 Nxf2 16. Bxh8 Ng4+ 17. Kh1 Qh4 18. h3 Qg3 19. hxg4 Qh4# 0-1

[Event "Challenge"]
[Site "http://www.queenalice.com/game.php?id=889845"]
[Date "2011.1.22"]
[Round "-"]
[White "Erostrate"]
[Black "JCOELHO"]
[Result "1-0"]
[WhiteElo "2215"]
[BlackElo "2078"]

1. e4 e5 2. Nf3 Nc6 3. Bb5 Nf6 4. d3 Bc5 5. c3 O-O 6. Bxc6 dxc6 7. Nxe5 Re8 8.
Nf3 Ng4 9. O-O Nxf2 10. Rxf2 Bxf2+ 11. Kxf2 Bg4 12. h3 Bh5 13. Na3 c5 14. Bf4 a5
15. Kg1 h6 16. g4 Bg6 17. Qe2 h5 18. Rf1 c6 19. Ne5 Qh4 20. Nac4 Qxh3 21. Rf3
Qh4 22. g5 b5 23. Qe3 bxc4 24. Rh3 Qxh3 25. Qxh3 cxd3 26. Qxd3 a4 27. Nxg6 fxg6
28. Qc4+ Kh7 29. Bd6 Red8 30. Qxc5 Re8 31. Qxc6 Rec8 32. Qb7 Re8 33. c4 a3 34.
bxa3 h4 35. e5 Ra4 36. Qe4 h3 37. Kh2 Rc8 38. Bb4 Ra7 39. e6 Re8 40. Qc6 Raa8
41. e7 Rac8 42. Qe6 Ra8 43. Qf7 Kh8 44. Bc3 Rg8 45. Qxg6 Rxa3 46. Qh6# 1-0

[Event "Challenge"]
[Site "http://www.queenalice.com/game.php?id=889846"]
[Date "2011.1.22"]
[Round "-"]
[White "theblackfox"]
[Black "Erostrate"]
[Result "0-1"]
[WhiteElo "1972"]
[BlackElo "2156"]

1. e4 c5 2. Nf3 d6 3. d4 cxd4 4. Qxd4 Nc6 5. Qa4 Nf6 6. Nc3 Bd7 7. Bf4 e5 8. Bg5
Nd4 9. Nxd4 Bxa4 10. Nxa4 exd4 11. O-O-O Qa5 12. Rxd4 Qxg5+ 13. Kb1 Qe5 14. c3
O-O-O 15. g3 b5 16. f4 Qe8 17. e5 dxe5 18. fxe5 Qxe5 19. Bg2 Rxd4 20. cxd4 Qf5+
21. Ka1 bxa4 22. d5 a3 23. bxa3 Bxa3 24. h3 Qe5+ 25. Kb1 Qb2# 0-1

[Event "Challenge"]
[Site "http://www.queenalice.com/game.php?id=889847"]
[Date "2011.1.22"]
[Round "-"]
[White "Erostrate"]
[Black "theblackfox"]
[Result "1-0"]
[WhiteElo "2060"]
[BlackElo "1988"]

1. e4 e5 2. Nf3 Nf6 3. Nxe5 Nxe4 4. Qe2 Bc5 5. Qxe4 O-O 6. Bc4 Qf6 7. d4 Bb4+ 8.
c3 Bd6 9. Bg5 Qxg5 10. Nxf7 Qe7 11. Nxd6+ Rf7 12. Qxe7 Nc6 13. Qe8# 1-0

[Event "Challenge"]
[Site "http://www.queenalice.com/game.php?id=894472"]
[Date "2011.2.1"]
[Round "-"]
[White "Erostrate"]
[Black "eddval"]
[Result "1-0"]
[WhiteElo "2092"]
[BlackElo "2085"]

1. e4 e5 2. Nf3 Nc6 3. Bb5 a6 4. Ba4 Nf6 5. O-O Be7 6. Re1 b5 7. Bb3 d6 8. c3
Na5 9. Bc2 c5 10. d4 Qc7 11. a4 Bb7 12. axb5 axb5 13. Na3 b4 14. Ba4+ Bc6 15.
Bxc6+ Qxc6 16. dxe5 Nxe4 17. cxb4 Nc4 18. Nxc4 Rxa1 19. exd6 O-O 20. dxe7 Re8
21. Nfe5 Qa8 22. bxc5 Rxe7 23. Nb6 1-0

[Event "Challenge"]
[Site "http://www.queenalice.com/game.php?id=894473"]
[Date "2011.2.1"]
[Round "-"]
[White "eddval"]
[Black "Erostrate"]
[Result "0-1"]
[WhiteElo "2101"]
[BlackElo "2173"]

1. c4 e5 2. Nc3 Nf6 3. g3 d5 4. cxd5 Nxd5 5. Bg2 Nxc3 6. bxc3 Bd6 7. Qb3 Nd7 8.
Ba3 O-O 9. d4 Nb6 10. e3 Be6 11. d5 Bf5 12. e4 Bd7 13. Bxd6 cxd6 14. Nf3 Rc8 15.
O-O Qc7 16. Rfc1 Na4 17. c4 Nc5 18. Qe3 f5 19. Nd2 f4 20. Qa3 b6 21. Nb3 Na4 22.
Nd2 Rf6 23. g4 Rg6 24. f3 Qd8 25. Rab1 Qh4 26. Qd3 Rh6 27. h3 Rc7 28. Qe2 Rc8
29. Qf2 Qg5 30. Bf1 Be8 31. Nb3 Rd8 32. Kh2 Bd7 33. Rc2 Rc8 34. Rbc1 Rh4 35. Kg1
h5 36. Bg2 Rf8 37. Rf1 Rf6 38. Qe1 Rh6 39. Qb4 hxg4 40. fxg4 Rxh3 41. Bxh3 Rxh3
42. Rh2 Qxg4+ 43. Kh1 Qe2 0-1

[Event "Challenge"]
[Site "http://www.queenalice.com/game.php?id=902026"]
[Date "2011.2.17"]
[Round "-"]
[White "Erostrate"]
[Black "eddval"]
[Result "1-0"]
[WhiteElo "2196"]
[BlackElo "2085"]

1. e4 c5 2. Nf3 e6 3. d4 cxd4 4. Nxd4 a6 5. Nc3 Qc7 6. Be2 Nc6 7. O-O Nf6 8. Be3
d5 9. exd5 exd5 10. Bg5 Be7 11. Bxf6 Bxf6 12. Nxd5 Qd8 13. Nxf6+ Qxf6 14. Nxc6
bxc6 15. c3 O-O 16. Qd4 Qxd4 17. cxd4 Rd8 18. Rfd1 Be6 19. b3 Rd6 20. Rac1 g6
21. Bf3 Bd5 22. Bxd5 cxd5 23. Re1 Ra7 24. Re8+ Kg7 25. Kf1 h5 26. Ke2 Kf6 27.
Re5 Rb7 28. Rc5 Rbd7 29. Kd3 Rd8 30. b4 Rb8 31. a3 Rbd8 32. a4 R8d7 33. b5 axb5
34. axb5 Rd8 35. Kc3 1-0

[Event "Challenge"]
[Site "http://www.queenalice.com/game.php?id=920613"]
[Date "2011.4.1"]
[Round "-"]
[White "Erostrate"]
[Black "eddval"]
[Result "1-0"]
[WhiteElo "2250"]
[BlackElo "2137"]

1. e4 e5 2. Nf3 Nf6 3. Nxe5 d6 4. Nf3 Nxe4 5. d4 d5 6. Bd3 Nf6 7. O-O Be7 8. Re1
O-O 9. Bg5 Bg4 10. Nbd2 Nc6 11. c3 Re8 12. Qb3 Rb8 13. Bxf6 gxf6 14. Qc2 h6 15.
Nh4 Bf8 16. Bf5 Bxf5 17. Qxf5 Ne7 18. Qh5 Ng6 19. Nxg6 fxg6 20. Qxg6+ Bg7 21.
Nf1 Qd7 22. Ne3 Qf7 23. Qxf7+ Kxf7 24. Nxd5 c6 25. Ne3 Kg6 26. h3 f5 27. Nc4
Rbd8 28. Kf1 b6 29. Rxe8 Rxe8 30. Re1 Rxe1+ 31. Kxe1 Bf6 32. Ne5+ Bxe5 33. dxe5
f4 34. Ke2 Kf5 35. Kf3 Kxe5 36. Kg4 Ke4 37. h4 c5 38. Kh5 Kd3 39. Kxh6 Kc2 40.
Kg5 Kxb2 41. h5 1-0

[Event "Challenge"]
[Site "http://www.queenalice.com/game.php?id=920618"]
[Date "2011.4.1"]
[Round "-"]
[White "eddval"]
[Black "Erostrate"]
[Result "0-1"]
[WhiteElo "2133"]
[BlackElo "2232"]

1. d4 Nf6 2. c4 g6 3. Nc3 Bg7 4. e4 d6 5. f4 O-O 6. Nf3 c5 7. d5 e6 8. Be2 exd5
9. exd5 Re8 10. O-O Na6 11. a3 Bd7 12. Bd3 Qb6 13. Rb1 Nb4 14. Ra1 Nxd3 15. Qxd3
Bf5 16. Qd1 Ne4 17. Nxe4 Rxe4 0-1

[Event "Challenge"]
[Site "http://www.queenalice.com/game.php?id=935014"]
[Date "2011.5.7"]
[Round "-"]
[White "eddval"]
[Black "Erostrate"]
[Result "0-1"]
[WhiteElo "2120"]
[BlackElo "2266"]

1. e4 c5 2. c4 Nc6 3. Ne2 Nf6 4. Nbc3 e6 5. d4 cxd4 6. Nxd4 Bc5 7. Nb3 Bb4 8.
Bd3 d5 9. exd5 exd5 10. O-O dxc4 11. Qe2+ Qe7 12. Qxe7+ Bxe7 13. Bxc4 O-O 14.
Bg5 Bf5 15. Rfe1 Rfd8 16. Rad1 Rac8 17. Bb5 Rxd1 18. Nxd1 Kf8 19. Nc3 Nb4 20. h3
a6 21. Nd4 Bd3 22. Ba4 Bg6 23. Re2 b5 24. Bb3 Nd3 25. g3 h6 26. Be3 Bc5 27. Kg2
b4 28. Na4 Ba7 29. Ne6+ fxe6 30. Bxa7 e5 31. f3 e4 32. Bd4 Bh5 33. Rxe4 Nxe4 34.
fxe4 Rc1 35. Nb6 Re1 36. Bc4 Rxe4 37. Bxg7+ Kxg7 38. Bxd3 Rd4 39. Bxa6 Rd6 0-1

[Event "Challenge"]
[Site "http://www.queenalice.com/game.php?id=960003"]
[Date "2011.7.13"]
[Round "-"]
[White "Diemerlin"]
[Black "Erostrate"]
[Result "0-1"]
[WhiteElo "2193"]
[BlackElo "2279"]

1. d4 Nf6 2. Nc3 d5 3. e4 e6 4. Bg5 dxe4 5. f3 exf3 6. Nxf3 Nbd7 7. Bd3 c6 8.
O-O Qb6 9. a3 Bd6 10. Qe1 Ne5 11. Nxe5 Qxd4+ 12. Kh1 Qxe5 13. Qh4 Be7 14. Ne4
Nxe4 15. Bxe7 f6 16. Bb4 a5 0-1

[Event "Challenge"]
[Site "http://www.queenalice.com/game.php?id=960004"]
[Date "2011.7.13"]
[Round "-"]
[White "Erostrate"]
[Black "Diemerlin"]
[Result "1-0"]
[WhiteElo "2295"]
[BlackElo "2180"]

1. e4 e5 2. Nf3 Nc6 3. Bb5 a6 4. Ba4 d6 5. c3 f5 6. exf5 Bxf5 7. O-O Bd3 8. Re1
Be7 9. Bc2 Bxc2 10. Qxc2 Nf6 11. d4 e4 12. Ng5 1-0